UBT Library

Production manager's handbook of formulas and tables (Record no. 40488)

000 -LEADER
fixed length control field 00539pam a2200205 4500
001 - CONTROL NUMBER
control field 4077444
005 - DATE AND TIME OF LATEST TRANSACTION
control field 20180118081518.0
008 - FIXED-LENGTH DATA ELEMENTS--GENERAL INFORMATION
fixed length control field 720224s1972 njua 000 0 eng
010 ## - LIBRARY OF CONGRESS CONTROL NUMBER
LC control number 72000093
020 ## - INTERNATIONAL STANDARD BOOK NUMBER
International Standard Book Number 0137244274
040 ## - CATALOGING SOURCE
Original cataloging agency DLC
Transcribing agency DLC
Modifying agency DLC
041 ## - LANGUAGE CODE
Language code of text/sound track or separate title eng
080 ## - UNIVERSAL DECIMAL CLASSIFICATION NUMBER
Universal Decimal Classification number 658.4030212 ZEY
082 00 - DEWEY DECIMAL CLASSIFICATION NUMBER
Classification number 658.4030212 ZEY
100 1# - Rafti
Rafti 53
101 ## - Shkurtesa
Shkurtesa MEN
245 10 - TITLE STATEMENT
Title Production manager's handbook of formulas and tables
Statement of responsibility, etc [by] Lewis R. Zeyher.
906 ## - LOCAL DATA ELEMENT F, LDF (RLIN)
a 7
b cbc
c orignew
d 1
e ocip
f 19
g y-gencatlg
942 ## - ADDED ENTRY ELEMENTS (KOHA)
Source of classification or shelving scheme
Item type Books
Holdings
Withdrawn status Lost status Source of classification or shelving scheme Damaged status Not for loan Collection code Permanent location Current location Shelving location Date acquired Total Checkouts Full call number Barcode Date last seen Price effective from Koha item type
          Koleksioni i përgjithshem UBT - Lipjan UBT - Lipjan Koleksioni i lëndeve mesimore 01/18/2018   658.4030212 ZEY 002-2995772 01/18/2018 01/18/2018 Books
UBT Library © 2015-2024. All rights reserved University Education for Business and Technology